000 00713pam a2200205 a 4500
020 _a817036244X (India)
020 _a0803991010 (US)
040 _cDLC
082 0 0 _a338 SAG 1991 A066 Or.
100 1 _aSarap, Kailas,
245 1 0 _aInterlinked agrarian markets in rural India /
260 _aNew Delhi ;
_aNewbury Park :
_bSage Publications,
_c1991.
300 _a177 p. :
_bill., map ;
_c23 cm.
500 _aRevision of the author's thesis (doctoral)--Delhi University, 1986.
650 0 _aAgriculture
650 0 _aAgricultural credit
856 4 2 _uhttp://www.loc.gov/catdir/enhancements/fy0657/91020749-d.html
856 4 1 _uhttp://www.loc.gov/catdir/enhancements/fy0657/91020749-t.html
942 _cEK
999 _c14236
_d14236